Statistics for Famous People by Signature #4

Click here to take the quiz!

General Stats

  • This quiz has been taken 31 times
  • The average score is 7 of 12

Answer Stats

Answer% Correct
Rosa Parks
97%
Lucille Ball
90%
Jane Austen
86%
Oliver Hardy
86%
Harper Lee
76%
Shirley Temple
72%
Princess Diana
66%
Neil Armstrong
48%
Winston Churchill
45%
Ritchie Valens
41%
Dave Chapelle
0%
James Cameron
0%

Score Distribution

Percentile by Number Answered

Percent of People with Each Score

Your Score History

You have not taken this quiz